Introducción a la pedagogía /
| Hovedforfatter: | |
|---|---|
| Andre forfattere: | |
| Format: | Bog |
| Sprog: | spansk |
| Udgivet: |
Barcelona ;
Oikos-tau,
1972
|
| Fag: |
MARC
| LEADER | 00000nam a2200000Ia 4500 | ||
|---|---|---|---|
| 008 | 171207b1972 sp ||||| |||| 00| | spa d | ||
| 999 | |c 1475 |d 1475 | ||
| 090 | |a 06.02.01 |b 1856 | ||
| 100 | 1 | |a Debesse, Maurice |9 3295 | |
| 245 | 1 | 0 | |a Introducción a la pedagogía / |c bajo la direción de Maurice Debesse y Gastón Mialaret |
| 260 | |a Barcelona ; |b Oikos-tau, |c 1972 | ||
| 300 | |a 231 páginas | ||
| 650 | 1 | 4 | |a EDUCACIÓN |9 1 |
| 650 | 1 | 4 | |a PEDAGOGÍA |9 1770 |
| 700 | 1 | |9 3296 |a Mialaret, Gastón | |
| 942 | |i 002712 |h 06.02.01 1856 |2 z |c 01 | ||
